| 000 | 00967cam a2200301 a 4500 | ||
|---|---|---|---|
| 001 | 3242 | ||
| 005 | 20250526081400.0 | ||
| 020 | _a9781931465199 | ||
| 040 |
_aDLC _cDLC _dDLC _beng |
||
| 050 | 0 | 0 |
_aPZ10.3.S6548 _bLy 2002 |
| 082 | 0 | 0 | _a599.75 |
| 100 | 1 |
_aSmith, Stephanie _d1976- |
|
| 245 | 1 | 0 |
_aLynx twins grow up / _cby Smith, Stphanie ; illustrated by Hynes, Robert |
| 250 | _aFirst edition 2002 | ||
| 260 |
_aNorwalk : _bSoundprints, _c2002 |
||
| 300 |
_a48 pages : _bcolor illustrations ; _c24 cm . |
||
| 490 | _a Smithsonian Institution | ||
| 505 | _aJ | ||
| 520 | _aTwo lynx kittens learn to care for themselves and avoid danger in their forest home. | ||
| 521 | 2 |
_a490
_bLexile |
|
| 521 | 2 |
_aJ
_bRaz-Plus |
|
| 650 | 0 |
_aLynx _vJuvenile fiction |
|
| 650 | 1 |
_aLynx _vFiction |
|
| 650 | 1 |
_aAnimals _xInfancy _vFiction |
|
| 700 | 1 |
_aHynes, Robert _eillustrator |
|
| 906 |
_a7 _bcbc _corignew _d1 _eocip _f20 _gy-gencatlg |
||
| 942 |
_2ddc _cBK _n0 |
||
| 999 |
_c3242 _d3242 |
||